000 00621nam a2200205 a 4500
001 BRCA_6032
005 20190320205315.0
008 200411s2009----mx-a######---#000-0#spa-#
020 _a9786079511517
041 _aspa
044 _amx
050 4 _aNK4032
_b.C47 2009
245 1 0 _aCerámica de El Tajín.
260 _aMéxico
_bTenaris Tamsa
_c2009
300 _a95 p.
_bil. a color
_c32 cm.
500 _aIncluye índice de ilustraciones arqueológicas
650 1 4 _aCerámica
_zPapantla, Veracruz (México)
_915224
651 4 _aEl Tajín
_xZona arqueológica
_zPapantla, Veracruz (México)
_915225
942 _2lcc
_cB
999 _c5720
_d5720